<?xml version="1.0" encoding="UTF-8"?>
<collection xmlns="http://www.loc.gov/MARC21/slim">
 <record>
  <leader>00947pam a22002655a 4500</leader>
  <controlfield tag="001">EIQ.libpla000708</controlfield>
  <controlfield tag="008">910503s1992####nyua#####b####001#0#eng#d</controlfield>
  <controlfield tag="005">20060427182907.0</controlfield>
  <datafield tag="245" ind1="1" ind2="0">
   <subfield code="a">Catalytic chemistry /</subfield>
   <subfield code="c">Bruce C. Gates.</subfield>
  </datafield>
  <datafield tag="260" ind1=" " ind2=" ">
   <subfield code="a">New York :</subfield>
   <subfield code="b">Wiley,</subfield>
   <subfield code="c">c1992.</subfield>
  </datafield>
  <datafield tag="300" ind1=" " ind2=" ">
   <subfield code="a">xxi, 458 p. :</subfield>
   <subfield code="b">il. ;</subfield>
   <subfield code="c">25 cm.</subfield>
  </datafield>
  <datafield tag="440" ind1=" " ind2="4">
   <subfield code="a">Wiley series in chemical engineering</subfield>
  </datafield>
  <datafield tag="504" ind1=" " ind2=" ">
   <subfield code="a">Incluye referencias bibliográficas e índice.</subfield>
  </datafield>
  <datafield tag="020" ind1=" " ind2=" ">
   <subfield code="a">0471517615 (cloth)</subfield>
  </datafield>
  <datafield tag="100" ind1="1" ind2=" ">
   <subfield code="a">Gates, Bruce C.</subfield>
  </datafield>
  <datafield tag="082" ind1="0" ind2="0">
   <subfield code="a">541.3/95</subfield>
   <subfield code="2">20</subfield>
  </datafield>
  <datafield tag="650" ind1=" " ind2="4">
   <subfield code="a">Catálisis</subfield>
   <subfield code="x">Reacciones.</subfield>
  </datafield>
  <datafield tag="650" ind1=" " ind2="4">
   <subfield code="a">Catalizadores</subfield>
   <subfield code="x">Teoría.</subfield>
  </datafield>
  <datafield tag="650" ind1=" " ind2="4">
   <subfield code="a">Catalysis</subfield>
   <subfield code="x">Reactions.</subfield>
  </datafield>
  <datafield tag="650" ind1=" " ind2="4">
   <subfield code="a">Catalyst</subfield>
   <subfield code="x">Theory.</subfield>
  </datafield>
  <datafield tag="010" ind1=" " ind2=" ">
   <subfield code="a">   91004192 </subfield>
  </datafield>
  <datafield tag="040" ind1=" " ind2=" ">
   <subfield code="a">DLC</subfield>
   <subfield code="c">DLC</subfield>
   <subfield code="d">AR-BbSID</subfield>
  </datafield>
  <datafield tag="856" ind1="4" ind2="2">
   <subfield code="3">Descripción</subfield>
   <subfield code="u">http://www.loc.gov/catdir/description/wiley032/91004192.html</subfield>
  </datafield>
  <datafield tag="856" ind1="4" ind2=" ">
   <subfield code="3">Tabla de contenido</subfield>
   <subfield code="u">http://www.loc.gov/catdir/toc/onix02/91004192.html</subfield>
  </datafield>
  <datafield tag="859" ind1=" " ind2=" ">
   <subfield code="a">AR-BbSID</subfield>
   <subfield code="b">BIB. PLAPIQUI</subfield>
   <subfield code="h">541.395</subfield>
   <subfield code="i">G 22</subfield>
   <subfield code="p">5240</subfield>
  </datafield>
 </record>
</collection>
